1422 1484 1523 1496 1986 1254 1415 1815 1940 1584 1021 1584 1730 1669 1481 1186 1089 1935 1577 1352 1812 1973 1659 1535 1098 1059 1978 1129 1449 1470 1766 1833 1326 1467 1196 1466 1426 1235 1225 1683 1890 1444 1386 1575 1371 1765 1701 1992 1365 1931 1278 1570 1836 1789 1576 1385 1215 1333 1403 1436 1953 1910 1799 1681 1360 1726 1008 1342 1101 1905 1604 1143 1119 1420 1384 1295 1057 1990 1106 1020 1281 1105 1041 1133 1580 1821 1327 1002 1440 1969 1278 1161 1469 1191 1821 1043 1958 1391 1597 BCNSPRNW ULIB Ver.6.0+V

เปลี่ยนเป็นภาษาไทย

Change to English
 แสดงรายละเอียดบรรณานุกรม
  กลับหน้าหลัก

Brief Record : Get Marc (ISO 2709) : E-mail record : QR code < ปิดหน้าต่าง
LEADER : 00000nam 2200000uu 4500
001    13399125329
003     ULIB
008    170424s2559||||th 000 0 tha d
020    ^a9786162712968
060 04 ^aWS100^bป361ก ล.2
245 00 ^aกุมารเวชศาสตร์ เล่ม 2=^bPediatrics /^cบรรณาธิการ,ประยงค์ เวชวนิชสนอง และ วนพร อนันตเสรี
246 31 ^aPediatrics
250    ^aพิมพ์ครั้งที่ 3.
260    ^aสงขลา :^bภาควิชากุมารเวชศาสตร์ คณะแพทยศาสตร์ มหาวิทยาลัยสงขลานครินทร์^c2559.
300    ^aเล่ม 1 :^bภาพประกอบ ;^c27 ซม.
650  4 ^aกุมารเวชศาสตร์
650  4 ^aเด็ก, โรค^xการรักษา
700 0  ^aประยงค์ เวชวนิชสนอง,^eบรรณาธิการ
700 0  ^aวนพร อนันตเสรี,^eบรรณาธิการ
710 2  ^aมหาวิทยาลัยสงขลานครินทร์. ^bคณะแพทยศาสตร์.^bภาควิชากุมารเวชศาสตร์.
945    ^p0^l0^i002000
945    ^p0^l0^i002001
945    ^p0^l0^i002002
945    ^p0^l0^i002003
945    ^p0^l0^i002004
945    ^p580^l0^i003935
945    ^p580^l0^i003936
945    ^p580^l0^i003937
945    ^p580^l0^i003938
945    ^p580^l0^i003939
945    ^p580^l0^i003940
945    ^p580^l0^i003941
945    ^p580^l0^i003942
945    ^p580^l0^i003943
945    ^p580^l0^i003944
999    ^aวรรณษา ชูชัยมงคล
รายการนี้ยังไม่มีแท็ก
คุณยังไม่ได้ล็อกอิน คุณสามารถมีกิจกรรมร่วมกับเว็บไซต์ได้ แต่ต้องล็อกอินก่อน ::
  ล็อกอิน

รายการสื่อสารสนเทศ

ลำดับที่ ประเภท เลขเรียก/บาร์โค้ด สถานที่ สถานะ
1. หนังสือสำรอง
หนังสือสำรอง
WS100 ป361ก ล.2 ฉ.1 
  Barcode: 002000
ห้องสมุดวิทยาเขตสวรรค์ประชารักษ์
►หนังสือทั่วไป
บนชั้น
2. วิทยาศาสตร์การแพทย์ และสุขภาพ
วิทยาศาสตร์การแพทย์ และสุขภาพ
WS100 ป361ก ล.2 ฉ.10 
  Barcode: 003939
ห้องสมุดวิทยาเขตนครสวรรค์
►หนังสือทั่วไป:l:General Books
บนชั้น
3. วิทยาศาสตร์การแพทย์ และสุขภาพ
วิทยาศาสตร์การแพทย์ และสุขภาพ
WS100 ป361ก ล.2 ฉ.11 
  Barcode: 003940
ห้องสมุดวิทยาเขตนครสวรรค์
►หนังสือทั่วไป:l:General Books
บนชั้น
4. วิทยาศาสตร์การแพทย์ และสุขภาพ
วิทยาศาสตร์การแพทย์ และสุขภาพ
WS100 ป361ก ล.2 ฉ.12 
  Barcode: 003941
ห้องสมุดวิทยาเขตนครสวรรค์
►หนังสือทั่วไป:l:General Books
บนชั้น
5. วิทยาศาสตร์การแพทย์ และสุขภาพ
วิทยาศาสตร์การแพทย์ และสุขภาพ
WS100 ป361ก ล.2 ฉ.13 
  Barcode: 003942
ห้องสมุดวิทยาเขตนครสวรรค์
►หนังสือทั่วไป:l:General Books
บนชั้น
6. วิทยาศาสตร์การแพทย์ และสุขภาพ
วิทยาศาสตร์การแพทย์ และสุขภาพ
WS100 ป361ก ล.2 ฉ.14 
  Barcode: 003943
ห้องสมุดวิทยาเขตนครสวรรค์
►หนังสือทั่วไป:l:General Books
บนชั้น
7. วิทยาศาสตร์การแพทย์ และสุขภาพ
วิทยาศาสตร์การแพทย์ และสุขภาพ
WS100 ป361ก ล.2 ฉ.15 
  Barcode: 003944
ห้องสมุดวิทยาเขตนครสวรรค์
►หนังสือทั่วไป:l:General Books
บนชั้น
8. วิทยาศาสตร์การแพทย์ และสุขภาพ
วิทยาศาสตร์การแพทย์ และสุขภาพ
WS100 ป361ก ล.2 ฉ.2 
  Barcode: 002001
ห้องสมุดวิทยาเขตสวรรค์ประชารักษ์
►หนังสือทั่วไป
บนชั้น
9. วิทยาศาสตร์การแพทย์ และสุขภาพ
วิทยาศาสตร์การแพทย์ และสุขภาพ
WS100 ป361ก ล.2 ฉ.3 
  Barcode: 002002
ห้องสมุดวิทยาเขตสวรรค์ประชารักษ์
►หนังสือทั่วไป
บนชั้น
10. วิทยาศาสตร์การแพทย์ และสุขภาพ
วิทยาศาสตร์การแพทย์ และสุขภาพ
WS100 ป361ก ล.2 ฉ.4 
  Barcode: 002003
ห้องสมุดวิทยาเขตสวรรค์ประชารักษ์
►หนังสือทั่วไป
บนชั้น
11. วิทยาศาสตร์การแพทย์ และสุขภาพ
วิทยาศาสตร์การแพทย์ และสุขภาพ
WS100 ป361ก ล.2 ฉ.5 
  Barcode: 002004
ห้องสมุดวิทยาเขตสวรรค์ประชารักษ์
►หนังสือทั่วไป
บนชั้น
12. วิทยาศาสตร์การแพทย์ และสุขภาพ
วิทยาศาสตร์การแพทย์ และสุขภาพ
WS100 ป361ก ล.2 ฉ.6 
  Barcode: 003935
ห้องสมุดวิทยาเขตนครสวรรค์
►หนังสือทั่วไป:l:General Books
บนชั้น
13. วิทยาศาสตร์การแพทย์ และสุขภาพ
วิทยาศาสตร์การแพทย์ และสุขภาพ
WS100 ป361ก ล.2 ฉ.7 
  Barcode: 003936
ห้องสมุดวิทยาเขตนครสวรรค์
►หนังสือทั่วไป:l:General Books
บนชั้น
14. วิทยาศาสตร์การแพทย์ และสุขภาพ
วิทยาศาสตร์การแพทย์ และสุขภาพ
WS100 ป361ก ล.2 ฉ.8 
  Barcode: 003937
ห้องสมุดวิทยาเขตนครสวรรค์
►หนังสือทั่วไป:l:General Books
บนชั้น
15. วิทยาศาสตร์การแพทย์ และสุขภาพ
วิทยาศาสตร์การแพทย์ และสุขภาพ
WS100 ป361ก ล.2 ฉ.9 
  Barcode: 003938
ห้องสมุดวิทยาเขตนครสวรรค์
►หนังสือทั่วไป:l:General Books
บนชั้น

รายการใกล้เคียง
    หัวเรื่อง [กุมารเวชศาสตร์]

BibComment


ยังไม่เคยถูกคอมเมนท์

คอมเมนท์ทรัพยากรรายการนี้
  คอมเมนท์: กุมารเวชศาสตร์ เ..


 Copyright 2026. Bcnsprnw @Library